banner-ar

Zar : (Record no. 64129)

MARC details
000 -الفاتح
حقل البيانات ثابتة الطول 03148cam a22004454i 4500
005 - وقت وتاريخ اخر تعامل مع التسجيلة
رقم الضبط 20240530110716.0
008 - عناصر البيانات ثابتة الطول - معلومات عامة
حقل البيانات ثابتة الطول 170313s2016 ua af b 001 0 eng c
010 ## -
-- 2016564597
020 ## - الرقم الدولى المعيارى للكتب
الرقم الدولى المعيارى للكتاب 9789774166976
020 ## - الرقم الدولى المعيارى للكتب
الرقم الدولى المعيارى للكتاب 9774166973
040 ## - مصدر الفهرسة
وكالة الفهرسة الأصلية ERASA
لغة الفهرسة eng
قواعد الوصف rda
وكالة النسخ ERASA
وكالة التعديل NOC
-- YDX
-- OCLCF
-- BTCTA
-- BDX
-- DLC
042 ## -
-- lccopycat
043 ## - رمز المنطقة الجغرافية
رمز المنطقة الجغرافية f-ua---
082 04 - رقم تصنيف ديوى العشرى
رقم الطبعة 21
رقم التصنيف 390.24\
رقم المادة CC\H Z
100 0# - المدخل الرئيسى - إسم شخصى
الإسم الشخصى hager el hadidi
الدور author.
245 10 - بيان العنوان
العنوان Zar :
بقية العنوان spirit possession, music, and healing rituals in Egypt /
بيان المسئوليه,etc Hager El Hadidi.
300 ## - الوصف المادى
التعداد 180 pages, 8 unnumbered pages of plates :
تفاصيل ماديه اخرى للوعاء colour illustrations ;
أبعاد الوعاء 24 cm
504 ## - تبصرة ببليوجرافية
تبصرة ببليوجرافية,الخ Includes bibliographical references (pages 161-171) and index.
650 #0 - المدخل الاضافى بالموضوع-مصطلح موضوعى
مصطلح موضوعي Zār
التقسيم الفرعي الجغرافي Egypt.
650 #0 - المدخل الاضافى بالموضوع-مصطلح موضوعى
مصطلح موضوعي Spiritual healing
التقسيم الفرعي الجغرافي Egypt.
650 #0 - المدخل الاضافى بالموضوع-مصطلح موضوعى
مصطلح موضوعي Medicine, Magic, mystic, and spagiric
التقسيم الفرعي الجغرافي Egypt.
650 #0 - المدخل الاضافى بالموضوع-مصطلح موضوعى
مصطلح موضوعي Spirit possession
التقسيم الفرعي الجغرافي Egypt.
650 #0 - المدخل الاضافى بالموضوع-مصطلح موضوعى
مصطلح موضوعي Music
التقسيم الفرعي الجغرافي Egypt
التقسيم الفرعي العام Religious aspects.
650 #0 - المدخل الاضافى بالموضوع-مصطلح موضوعى
مصطلح موضوعي Healing
التقسيم الفرعي العام Religious aspects.
650 #7 - المدخل الاضافى بالموضوع-مصطلح موضوعى
مصطلح موضوعي Healing
التقسيم الفرعي العام Religious aspects.
مصدر الرأس أو المصطلح fast
650 #7 - المدخل الاضافى بالموضوع-مصطلح موضوعى
مصطلح موضوعي Medicine, Magic, mystic, and spagiric.
مصدر الرأس أو المصطلح fast
650 #7 - المدخل الاضافى بالموضوع-مصطلح موضوعى
مصطلح موضوعي Music
التقسيم الفرعي العام Religious aspects.
مصدر الرأس أو المصطلح fast
650 #7 - المدخل الاضافى بالموضوع-مصطلح موضوعى
مصطلح موضوعي Spirit possession.
مصدر الرأس أو المصطلح fast
650 #7 - المدخل الاضافى بالموضوع-مصطلح موضوعى
مصطلح موضوعي Spiritual healing.
مصدر الرأس أو المصطلح fast
650 #7 - المدخل الاضافى بالموضوع-مصطلح موضوعى
مصطلح موضوعي Zār.
مصدر الرأس أو المصطلح fast
651 #7 - المدخل الاضافى بالموضوع - اسم جغرافى
الاسم الجغرافي Egypt.
مصدر الرأس أو المصطلح fast
942 ## - عناصر المدخل الإضافي( كوها)
مصدر التصنيف او مخطط الترفيف Dewey Decimal Classification
Koha [default] item type كتاب
264 #1 -
-- Cairo :
-- New York :
-- American University in Cairo Press,
-- [2016]
336 ## -
-- text
-- txt
-- rdacontent
337 ## -
-- unmediated
-- n
-- rdamedia
338 ## -
-- volume
-- nc
-- rdacarrier
520 8# - التبصرة الخاصة بالتعليق أو التلخيص
ملخص,الخ "Zar is both a possessing spirit and a set of reconciliation rites between the spirits and their human hosts: living in a parallel yet invisible world, the capricious spirits manifest their anger by causing ailments for their hosts, which require ritual reconciliation, a private sacrificial rite practiced routinely by the afflicted devotees. Originally spread from Ethiopia to the Red Sea and the Arabian Gulf through the nineteenth-century slave trade, in Egypt zar has incorporated elements from popular Islamic Sufi practices, including devotion to Christian and Muslim saints. The ceremonies initiate devotees-the majority of whom are Muslim women-into a community centered on a cult leader, a membership that provides them with moral orientation, social support, and a sense of belonging. Practicing zar rituals, dancing to zar songs, and experiencing trance restore their well-being, which had been compromised by gender asymmetry and globalization.This new ethnographic study of zar in Egypt is based on the author's two years of multi-sited fieldwork and firsthand knowledge as a participant, and her collection and analysis of more than three hundred zar songs, allowing her to access levels of meaning that had previously been overlooked. The result is a comprehensive and accessible exposition of the history, culture, and waning practice of zar in a modernizing world"--Front flap of book jacket.
650 #7 - المدخل الاضافى بالموضوع-مصطلح موضوعى
-- (OCoLC)fst00952712
650 #7 - المدخل الاضافى بالموضوع-مصطلح موضوعى
-- (OCoLC)fst01015272
650 #7 - المدخل الاضافى بالموضوع-مصطلح موضوعى
-- (OCoLC)fst01030421
650 #7 - المدخل الاضافى بالموضوع-مصطلح موضوعى
-- (OCoLC)fst01130054
650 #7 - المدخل الاضافى بالموضوع-مصطلح موضوعى
-- (OCoLC)fst01130087
650 #7 - المدخل الاضافى بالموضوع-مصطلح موضوعى
-- (OCoLC)fst01185007
651 #7 - المدخل الاضافى بالموضوع - اسم جغرافى
-- (OCoLC)fst01208755
Holdings
حالة التراجع حالة الفقد مصدر التصنيف او خطة الترفيف حالة تلف ليس للاعارة المكان المؤقت الموقع الحالى موقع الترفيف تاريخ الاكتساب اجمالي اﻻعارات رقم الطلب الباركود تاريخ اخر مشاهدة تاريخ تفعيل السعر نوع وعاء كوها
    ddc     مكتبة القاهرة الكبرى مكتبة القاهرة الكبرى   02/25/2018   390.24\ CC\H Z 164268 02/25/2018 02/25/2018 كتاب

Powered By

EGPV